000
00224nam a2200097Ia 4500
008
190216s9999||||xx |||||||||||||| ||und||
100
_a
Chandra Mohan
245
0
_a
Indiayile Marangal
260
_b
Kerala Basha Inst
942
_c
BK
999
_c
1248
_d
1248